Wszystkie grupy Polski na Mistrzostwach Świata w piłce nożnej - Statystyki

Ogólne statystyki
  • Ten quiz został rozwiązany 663 razy
    170 od ostatniego zresetowania
  • Średni wynik to 25 z 32
Statystyki odpowiedzi
Rok Reprezentacja % Poprawnych
1974 Argentyna
99%
1978(2) Argentyna
99%
2022 Argentyna
99%
1974(2) Niemcy Zachodnie
98%
1978 Niemcy Zachodnie
98%
2006 Niemcy
97%
2022 Arabia Saudyjska
95%
2018 Japonia
95%
1978 Meksyk
95%
2022 Meksyk
95%
2018 Senegal
94%
2018 Kolumbia
89%
2002 Stany Zjednoczone
87%
1986 Portugalia
85%
2002 Portugalia
85%
2002 Korea Południowa
84%
1974 Włochy
83%
1982 Włochy
83%
1978(2) Brazylia
79%
2006 Ekwador
75%
1974 Haiti
74%
1986 Anglia
68%
2006 Kostaryka
67%
1974(2) Szwecja
65%
1982(2) Belgia
62%
1982(2) Związek Radziecki
61%
1978(2) Peru
60%
1982 Peru
60%
1974(2) Jugosławia
53%
1986 Maroko
47%
1982 Kamerun
43%
1978 Tunezja
35%
Nie znaleziono quizów pasujących do podanych kryteriów
Rozkład punktacji
Procent ludzi z każdym wynikiem
Percentyl według liczby udzielonych odpowiedzi
Twoja historia wyników
Nie rozwiązałeś tego quizu od ostatniego zresetowania